Love beyond reason /

Saved in:
Bibliografiske detaljer
Hovedforfatter: Van der Zee, Karen
Format: Bog
Sprog:English
Udgivet: London : Mills and Boon, 1980.
Fag:
LEADER 00888cam a2200253 a 4500
001 c000103960
003 CARM
005 19990408000000.0
008 800710s1980 enk 000 1 eng d
015 |a B8014032 
019 1 |a 1932941  |z 43540239  |5 LACONCORD2021 
020 |a 0263096858 :  |c L.3.85 
035 |a (OCoLC)7057469  |5 LACONCORD2021 
040 |a BNB  |b eng  |c BNB 
082 0 4 |a 823/.9/1F 
100 1 |a Van der Zee, Karen. 
245 1 0 |a Love beyond reason /  |c by Karen Van Der Zee. 
260 |a London :  |b Mills and Boon,  |c 1980. 
300 |a 188p ;  |c 19cm. 
500 |a Fiction in English, 1900-. Texts (BNB/PRECIS) 
650 0 |a English fiction. 
852 8 |b CARM  |h A2:AI22G0  |i A02059  |p 0151615  |f BK 
999 f f |i 4700c733-d527-5f44-b2c4-00f089a18f31  |s e14b4227-1058-5423-85b6-444bad006b0d 
952 f f |p Can circulate  |a CAVAL  |b CAVAL  |c CAVAL  |d CARM 1 Store  |e A02059  |f A2:AI22G0  |h Other scheme  |i book  |m 0151615